Library Banner

Teaching tips for college and university instructors (Record no. 55262)

MARC details
000 -LEADER
fixed length control field 00497nam a2200181Ia 4500
001 - CONTROL NUMBER
control field 57996
008 - FIXED-LENGTH DATA ELEMENTS--GENERAL INFORMATION
fixed length control field 140507s9999 xx 000 0 und d
020 ## - INTERNATIONAL STANDARD BOOK NUMBER
International Standard Book Number 0205298397
040 ## - CATALOGING SOURCE
Transcribing agency PK-LaUMT
082 ## - DEWEY DECIMAL CLASSIFICATION NUMBER
Classification number 378.12
Item number ROY-T
100 ## - MAIN ENTRY--PERSONAL NAME
Personal name Royse, David
245 ## - TITLE STATEMENT
Title Teaching tips for college and university instructors
Remainder of title a practical guide
Statement of responsibility, etc Royse, David
260 ## - PUBLICATION, DISTRIBUTION, ETC. (IMPRINT)
Place of publication, distribution, etc Boston,USA:
Name of publisher, distributor, etc Allyn & Bacon,
Date of publication, distribution, etc 2001
300 ## - PHYSICAL DESCRIPTION
Extent 333 p.
546 ## - LANGUAGE NOTE
Language note EN
650 ## - SUBJECT ADDED ENTRY--TOPICAL TERM
Topical term or geographic name as entry element College teaching-USA-Handbook
942 ## - ADDED ENTRY ELEMENTS (KOHA)
Koha item type Books
Holdings
Withdrawn status Lost status Damaged status Not for loan Home library Current library Date acquired Total Checkouts Full call number Barcode Date last seen Price effective from Koha item type
        UMT Main Campus UMT Main Campus 2014-05-07   378.12 ROY-T 80961 2014-05-08 2014-05-08 Books